Brittiläisen Intian naapurimaat tyhjällä kartalla - Statistics

Yleistilastot
  • Tätä visaa on pelattu 612 kertaa
  • Keskiarvotulos 7 / 10
Vastaukset kartalla
Vastauksille on annettu kartalla punavihreä väri sen mukaan, kuinka moni on saanut sen oikein.
 
Vastaustilastot
Valtio % Oikein
Kiina
94%
Nepal
93%
Siam
87%
Afganistan
83%
Bhutan
81%
Iran
75%
Tiibet
64%
Ranskan Indokiina*
44%
Puducherry*
36%
Goa*
24%
Ehtoja vastaavia visoja ei löytynyt
Tulosjakauma
Jokaisen tuloksen saaneiden osuus
Persentiili vastausten määrän mukaan
Tuloshistoriasi
Et ole pelannut tätä visaa